|
|
|
|
| LEADER |
00000nas a2200000 a 4500 |
| 001 |
ssj0000703 |
| 003 |
WaSeSS |
| 005 |
20200512172242.0 |
| 006 |
m d |
| 007 |
cr n |
| 008 |
050615c19589999oncqr pss 0 0eng c |
| 010 |
|
|
|a 2013233149
|
| 016 |
7 |
|
|a 2066760 7
|2 DE-600
|
| 022 |
|
|
|a 1712-5286
|y 0026-7694
|
| 035 |
|
|
|a (WaSeSS)ssj0000703
|
| 040 |
|
|
|a OCLCS
|b eng
|c OCLCS
|d OCL
|d AUD
|d OCLCQ
|d GUA
|d OCLCO
|d OCLCQ
|d OCLCA
|d OCLCF
|d COO
|d OCLCO
|d OCLCQ
|d OCLCO
|d OCLCQ
|d OCL
|d AU@
|d VT2
|d SFB
|d WaSeSS
|
| 042 |
|
|
|a pcc
|
| 050 |
1 |
4 |
|a PN1861
|
| 055 |
0 |
1 |
|a PN1861
|
| 082 |
0 |
4 |
|a 809.2/005
|
| 130 |
0 |
|
|a Modern drama (Online)
|
| 245 |
1 |
0 |
|a Modern drama
|h [electronic resource].
|
| 260 |
|
|
|a [Toronto, Ont.] :
|b University of Toronto Press
|
| 310 |
|
|
|a Quarterly
|
| 362 |
1 |
|
|a Print began with v. 1, no. 1 (May 1958).
|
| 506 |
|
|
|a License restrictions may limit access.
|
| 538 |
|
|
|a Mode of access: World Wide Web.
|
| 588 |
|
|
|a Description based on: Vol. 40, no. 1 (spring 1997); title from journal information screen (EBSCO, viewed Mar. 16, 2013).
|
| 588 |
|
|
|a Latest issue consulted: Vol. 55, no. 4 (winter 2012) (viewed Mar. 16, 2013).
|
| 648 |
|
7 |
|a 1900-1999
|2 fast
|
| 650 |
|
0 |
|a Drama
|y 20th century
|x History and criticism
|v Periodicals.
|
| 650 |
|
0 |
|a Theater
|v Periodicals.
|
| 650 |
|
7 |
|a Drama.
|2 fast
|0 (OCoLC)fst00897468
|
| 650 |
|
7 |
|a Theater.
|2 fast
|0 (OCoLC)fst01149217
|
| 655 |
|
0 |
|a Electronic journals.
|
| 710 |
2 |
|
|a University of Kansas.
|b Department of English.
|
| 710 |
2 |
|
|a University of Toronto.
|b Graduate Centre for Study of Drama.
|
| 776 |
1 |
|
|t Modern drama
|x 0026-7694
|w (DLC)cn 76308880
|w (OCoLC)1716920
|
| 856 |
4 |
0 |
|z Full text available from Research Library: 04/01/1994 to 07/31/1999
|u https://search.proquest.com/publication/47987
|